| 000 | 00351nam a2200133Ia 4500 | ||
|---|---|---|---|
| 005 | 20260328101446.0 | ||
| 008 | 260328s9999||||xx |||||||||||||| ||und|| | ||
| 100 | _aBurri, René | ||
| 245 | 0 |
_aLe Corbusier : _b Moments in the Life of a great Architect / _cRené Burri |
|
| 260 | _bBirkhäuser | ||
| 300 | _a181 p. | ||
| 650 | _aARQUITECTOS | ||
| 942 | _cBK | ||
| 999 |
_c8460 _d8460 |
||